Southville International School and Colleges
Your cart is empty.
  • Cart
  • Lists
    Public lists Eva Luna New books Lux_list list_1
    Your lists Log in to create your own lists
  • Log in to your account
  • Your cookies
  • Search history
Southville International School and Colleges
  • Advanced search
  • Recent comments
  • Most popular
  • Libraries

Log in to your account

Log in with GOOGLE


If you do not have an external account, but do have a local account, you can still log in:

  1. Home
  2. MARC view: Getting to know Clifford.
Normal view MARC view ISBD view

Getting to know Clifford. (Record no. 114587)

[ view plain ]
MARC details
000 -LEADER
fixed length control field 00509nam a2200181 a 4500
005 - DATE AND TIME OF LATEST TRANSACTION
control field 20140414132105.0
008 - FIXED-LENGTH DATA ELEMENTS--GENERAL INFORMATION
fixed length control field 100823s19uu xx 00 eng d
050 ## - LIBRARY OF CONGRESS CALL NUMBER
Classification number DVD
Item number G33
245 ## - TITLE STATEMENT
Title Getting to know Clifford.
260 ## - PUBLICATION, DISTRIBUTION, ETC. (IMPRINT)
Place of publication, distribution, etc New York :
Name of publisher, distributor, etc Scholastic,
Date of publication, distribution, etc 2002.
440 ## - SERIES STATEMENT/ADDED ENTRY--TITLE
Title Clifford
520 ## - SUMMARY, ETC.
Summary, etc 1. Special delivery. 2. Ferry Tale. 3. LIttle Clifford 4. Welcome to Birdwell
650 ## - SUBJECT ADDED ENTRY--TOPICAL TERM
Topical term or geographic name as entry element Truthful
650 ## - SUBJECT ADDED ENTRY--TOPICAL TERM
Topical term or geographic name as entry element Believing in yourself
650 ## - SUBJECT ADDED ENTRY--TOPICAL TERM
Topical term or geographic name as entry element Kindness
650 ## - SUBJECT ADDED ENTRY--TOPICAL TERM
Topical term or geographic name as entry element Respectful
Holdings
Withdrawn status Lost status Damaged status Use restrictions Home library Current library Shelving location Date acquired Source of acquisition Cost, normal purchase price Total Checkouts Full call number Barcode Date last seen Price effective from Koha item type
        Munich Library Munich Library Audio Visual Material Section 08/23/2010   250.00   DVD G33 M6457 04/14/2014 04/14/2014 Audio Visual Materials

Getting to know Clifford.

APA

(2002). Getting to know Clifford. New York: Scholastic.

Chicago

2002. Getting to know Clifford. New York: Scholastic.

Harvard

(2002). Getting to know Clifford. New York: Scholastic.

MLA

Getting to know Clifford. New York: Scholastic. 2002.

  • Place hold
  • Print
  • Cite
  • Add to your cart (remove)
  • Save record
    BIBTEX Dublin Core MARCXML MARC (non-Unicode/MARC-8) MARC (Unicode/UTF-8) MARC (Unicode/UTF-8, Standard) MODS (XML) RIS
  • More searches
    Search for this title in:
    Other Libraries (WorldCat) Other Databases (Google Scholar) Online Stores (Bookfinder.com) Open Library (openlibrary.org)

Exporting to Dublin Core...

SOUTHVILLE LIBRARY

Southville International School and Colleges Library

1281 Tropical Ave. Cor. Luxembourg St., BF Homes International, Las Pinas City

Tel. No. 8256374 / 252358 Loc. 117/146

Powered by Koha